• 首页
  • 本馆介绍
  • 公告通知
  • 最新文献
  • 馆藏检索
  • 电子资源
  • 读者导购
  • 参考咨询
  • 我的图书馆
  • 登录
  • 详细信息显示
  • 放入我的书架
  • 预约/预借图书
  • 作者相关作品
  • 分类相关作品
  • 丛书相关作品
  • 出版社相关作品

书目信息

  • 表格格式
  • 工作单格式
  • 卡片格式
题名:
草坪学
    
 
作者: 孙吉雄, , 韩烈保, 主编
分册:  
出版信息: 北京   中国农业出版社  2019
页数: 314页
开本: 26cm
丛书名:
单 册:
中图分类: S688.4
科图分类:
主题词: 草坪--观赏园艺--高等学校--cao ping--教材
电子资源:
ISBN: 978-7-109-20047-0
000 01118nam0 2200313 45
001 012001004192
005 20191213105513.20
010    @a978-7-109-20047-0@dCNY44.50
099    @aCAL 012016041954
100    @a20160409d2015 em y0chiy50 ea
101 0  @achi
102    @aCN@b110000
105    @aa a 000yy
106    @ar
200 1  @a草坪学@Acao ping xue@f孙吉雄, 韩烈保主编@FSun Ji Xiong, Han Lie Bao Zhu Bian@PSJXHLBZB
205    @a第4版
210    @a北京@c中国农业出版社@d2019
215    @a314页@c图@d26cm
300    @a“十二五”普通高等教育本科国家级规划教材 普通高等教育农业部“十二五”规划教材
312    @a英文题名取自封面
320    @a有书目 (第314页)
330    @a本书系统地介绍了草坪生物生态学基础、草坪工程施工、草坪养护管理、草坪保护、草坪工程监理与质量评定的基础理论,实用技术和具体方法等内容。
510 1  @aTurf science@zeng
606 0  @a草坪@x观赏园艺@x高等学校@Acao ping@j教材
690    @aS688.4@v5
701  0 @a孙吉雄,@f1944-@Asun ji xiong@4主编
701  0 @a韩烈保,@f1965-@Ahan lie bao@4主编
801  0 @aCN@b上海新华@c20191020
905    @b1212636-9@dS688.4@e605=4@f4
    
    草坪学/孙吉雄, 韩烈保主编.-第4版.-北京:中国农业出版社,2019
    314页:图;26cm
    “十二五”普通高等教育本科国家级规划教材 普通高等教育农业部“十二五”规划教材
    
    ISBN 978-7-109-20047-0:CNY44.50
    本书系统地介绍了草坪生物生态学基础、草坪工程施工、草坪养护管理、草坪保护、草坪工程监理与质量评定的基础理论,实用技术和具体方法等内容。
●
相关链接 在E读中查询图书 在五车中查询图书 在当当中查询图书 在豆瓣中查询图书


正题名:草坪学     索取号:S688.4/605=4         预约/预借

序号 登录号 条形码 馆藏地/架位号 状态 备注
1 1212636   212126368   第二样本阅览室/ [索取号:S688.4/605=4] 在馆    
2 1212637   212126377   第三借阅区/ [索取号:S688.4/605=4] 在馆    
3 1212638   212126386   第三借阅区/ [索取号:S688.4/605=4] 在馆    
4 1212639   212126395   第三借阅区/ [索取号:S688.4/605=4] 在馆    
唐山师范学院图书馆 欢迎您!
大连网信软件有限公司© 版权所有